| 000 | 00378nam a2200157Ia 4500 | ||
|---|---|---|---|
| 008 | 230711s9999||||xx |||||||||||||| ||und|| | ||
| 041 | _aENG | ||
| 082 |
_a5 _bCL-P |
||
| 100 | _aClocksin W.F | ||
| 245 | 0 | _aProgramming in prolog | |
| 260 |
_c2002 _aNew Delhi _bNarosa Publishing House |
||
| 300 | _a281 | ||
| 650 | _aComputer Engineering | ||
| 700 | _aMellish C.S | ||
| 942 | _cBK | ||
| 999 |
_c2945 _d2945 |
||